[Event "DEM U18w 2022"]
[Site "Willingen GER"]
[Date "2022.06.11"]
[Round "9"]
[White "Rudolph, Eva"]
[Black "Dartmann Aubanell, Catriona"]
[Result "1/2-1/2"]
[Termination "normal"]
[Board "1"]
[WhiteElo "1860"]
[BlackElo "1872"]
[WhiteClock "00:16:12"]
[BlackClock "00:16:52"]
[PlyCount "46"]
[WhiteFideId "16200594"]
[BlackFideId "24585270"]
[EventCountry "GER"]
[EventRounds "9"]
[EventType "swiss"]
[EventDate "2022.06.04"]

1. e4 {[%clk 1:30:58]} e6 {[%clk 1:30:56]} 2. d4 {[%clk 1:31:24]} d5 {[%clk
1:31:20]} 3. Nd2 {[%clk 1:31:47]} c5 {[%clk 1:31:43]} 4. exd5 {[%clk 1:32:10]}
exd5 {[%clk 1:32:04]} 5. Bb5+ {[%clk 1:32:31]} Nc6 {[%clk 1:32:10]} 6. Ngf3
{[%clk 1:32:32]} cxd4 {[%clk 1:32:16]} 7. O-O {[%clk 1:29:58]} Bd6 {[%clk
1:31:50]} 8. Nb3 {[%clk 1:25:30]} Nge7 {[%clk 1:30:56]} 9. Nbxd4 {[%clk
1:19:39]} O-O {[%clk 1:29:05]} 10. Bd3 {[%clk 1:16:22]} h6 {[%clk 1:26:43]} 11.
h3 {[%clk 1:13:12]} Re8 {[%clk 1:18:44]} 12. c3 {[%clk 1:05:44]} a6 {[%clk
1:12:23]} 13. Bc2 {[%clk 1:01:13]} h5 {[%clk 0:58:13]} 14. Ng5 {[%clk 0:37:10]}
g6 {[%clk 0:54:36]} 15. Re1 {[%clk 0:24:54]} Nxd4 {[%clk 0:50:02]} 16. Qxd4
{[%clk 0:22:49]} Nf5 {[%clk 0:49:20]} 17. Qd1 {[%clk 0:22:17]} Rxe1+ {[%clk
0:42:40]} 18. Qxe1 {[%clk 0:22:46]} b5 {[%clk 0:41:44]} 19. Nf3 {[%clk
0:21:37]} Qe7 {[%clk 0:35:58]} 20. Qd1 {[%clk 0:20:44]} Bc5 {[%clk 0:23:59]}
21. Bg5 {[%clk 0:20:11]} Qa7 {[%clk 0:23:42]} 22. Qd2 {[%clk 0:19:50]} Kg7
{[%clk 0:17:45]} 23. Rd1 {[%clk 0:16:12]} Be6 {[%clk 0:16:52]} 1/2-1/2

[Event "DEM U18w 2022"]
[Site "Willingen GER"]
[Date "2022.06.11"]
[Round "9"]
[White "Bardorz, Jana"]
[Black "Berghold, Lotta"]
[Result "1-0"]
[Termination "normal"]
[Board "2"]
[WhiteElo "1974"]
[BlackElo "1552"]
[WhiteClock "00:04:05"]
[BlackClock "00:00:57"]
[PlyCount "83"]
[WhiteFideId "16208897"]
[BlackFideId "16243463"]
[EventCountry "GER"]
[EventRounds "9"]
[EventType "swiss"]
[EventDate "2022.06.04"]

1. e4 {[%clk 1:30:57]} c6 {[%clk 1:30:50]} 2. d4 {[%clk 1:31:21]} d5 {[%clk
1:31:15]} 3. e5 {[%clk 1:31:42]} Bf5 {[%clk 1:31:39]} 4. Nd2 {[%clk 1:32:02]}
e6 {[%clk 1:31:57]} 5. Nb3 {[%clk 1:32:23]} Nd7 {[%clk 1:30:37]} 6. Nf3 {[%clk
1:30:12]} a6 {[%clk 1:27:44]} 7. Be3 {[%clk 1:24:53]} Rc8 {[%clk 1:12:48]} 8.
Be2 {[%clk 1:20:00]} c5 {[%clk 1:08:10]} 9. dxc5 {[%clk 1:18:25]} Nxc5 10. Nbd4
{[%clk 1:14:48]} Bg6 {[%clk 1:03:33]} 11. c3 Ne7 {[%clk 1:00:08]} 12. O-O
{[%clk 1:12:57]} Bh5 {[%clk 0:44:22]} 13. Nd2 {[%clk 1:04:18]} Bxe2 {[%clk
0:44:36]} 14. Qxe2 {[%clk 1:04:31]} Ng6 {[%clk 0:35:32]} 15. f4 {[%clk
1:02:32]} Be7 {[%clk 0:30:12]} 16. f5 {[%clk 0:51:28]} exf5 {[%clk 0:29:45]}
17. Nxf5 {[%clk 0:48:57]} O-O {[%clk 0:28:42]} 18. Qh5 {[%clk 0:46:27]} Ne6
{[%clk 0:26:50]} 19. Nf3 {[%clk 0:40:23]} Rc4 {[%clk 0:21:25]} 20. N3d4 {[%clk
0:37:12]} Bg5 {[%clk 0:17:43]} 21. Nxe6 {[%clk 0:31:23]} Bxe3+ {[%clk 0:14:50]}
22. Nxe3 {[%clk 0:29:05]} fxe6 {[%clk 0:12:51]} 23. Nxc4 {[%clk 0:28:21]} dxc4
{[%clk 0:12:59]} 24. Kh1 {[%clk 0:26:41]} Nf4 {[%clk 0:10:28]} 25. Qg4 {[%clk
0:25:13]} Qd2 {[%clk 0:09:09]} 26. Rad1 {[%clk 0:24:03]} Qe3 {[%clk 0:09:11]}
27. g3 {[%clk 0:18:34]} Qe4+ {[%clk 0:09:20]} 28. Qf3 {[%clk 0:18:59]} Qxf3+
{[%clk 0:08:38]} 29. Rxf3 {[%clk 0:19:25]} Nd3 {[%clk 0:08:32]} 30. Rxf8+
{[%clk 0:16:24]} Kxf8 {[%clk 0:08:58]} 31. Kg2 {[%clk 0:14:59]} Ke7 {[%clk
0:08:47]} 32. b3 {[%clk 0:14:23]} Nxe5 {[%clk 0:08:07]} 33. h3 {[%clk 0:10:00]}
b5 {[%clk 0:07:29]} 34. Kf2 {[%clk 0:09:55]} Nd3+ {[%clk 0:04:37]} 35. Ke3
{[%clk 0:09:44]} e5 {[%clk 0:02:37]} 36. Rb1 {[%clk 0:05:59]} Nc5 {[%clk
0:01:25]} 37. bxc4 {[%clk 0:05:59]} bxc4 {[%clk 0:01:48]} 38. Rb4 {[%clk
0:04:33]} Kd6 {[%clk 0:01:28]} 39. Rxc4 {[%clk 0:04:47]} e4 {[%clk 0:01:04]}
40. Kd4 {[%clk 0:04:07]} Ne6+ {[%clk 0:00:57]} 41. Kxe4 {[%clk 0:04:05]} Ng5+
42. Kf5 1-0

[Event "DEM U18w 2022"]
[Site "Willingen GER"]
[Date "2022.06.11"]
[Round "9"]
[White "Falke, Ornella"]
[Black "Basovskiy, Jana"]
[Result "0-1"]
[Termination "normal"]
[Board "3"]
[WhiteElo "1872"]
[BlackElo "1938"]
[WhiteClock "00:34:39"]
[BlackClock "00:29:11"]
[PlyCount "90"]
[WhiteFideId "16207092"]
[BlackFideId "16208617"]
[EventCountry "GER"]
[EventRounds "9"]
[EventType "swiss"]
[EventDate "2022.06.04"]

1. d4 {[%clk 1:30:55]} Nf6 {[%clk 1:30:55]} 2. c4 {[%clk 1:31:20]} Nc6 {[%clk
1:31:20]} 3. Nc3 {[%clk 1:30:46]} e5 {[%clk 1:31:39]} 4. d5 {[%clk 1:29:24]}
Ne7 {[%clk 1:29:13]} 5. e4 {[%clk 1:29:28]} Ng6 {[%clk 1:29:13]} 6. a3 {[%clk
1:22:32]} Bc5 {[%clk 1:25:47]} 7. Bd3 {[%clk 1:16:44]} a5 {[%clk 1:22:52]} 8.
Nge2 {[%clk 1:16:06]} O-O {[%clk 1:22:43]} 9. O-O {[%clk 1:10:17]} Nh5 {[%clk
1:20:22]} 10. Kh1 {[%clk 1:07:11]} Be7 {[%clk 0:59:41]} 11. g4 {[%clk 0:43:52]}
Nhf4 {[%clk 0:56:10]} 12. Nxf4 exf4 {[%clk 0:56:09]} 13. Ne2 {[%clk 0:43:51]}
Bg5 {[%clk 0:56:18]} 14. Nd4 {[%clk 0:41:19]} d6 {[%clk 0:52:52]} 15. h3 {[%clk
0:40:07]} Ne5 {[%clk 0:52:12]} 16. b3 {[%clk 0:39:13]} Qf6 {[%clk 0:51:37]} 17.
Bb2 {[%clk 0:36:22]} h5 {[%clk 0:43:32]} 18. f3 {[%clk 0:35:28]} hxg4 {[%clk
0:41:40]} 19. hxg4 {[%clk 0:30:03]} Qh6+ {[%clk 0:37:28]} 20. Kg1 {[%clk
0:25:44]} Qh4 {[%clk 0:24:03]} 21. Rf2 {[%clk 0:25:31]} Bxg4 {[%clk 0:22:57]}
22. fxg4 {[%clk 0:23:39]} Qg3+ {[%clk 0:23:19]} 23. Rg2 {[%clk 0:23:11]} Qe3+
{[%clk 0:23:36]} 24. Kh1 {[%clk 0:22:03]} Nxd3 {[%clk 0:23:47]} 25. Nf5 {[%clk
0:21:29]} Qh3+ {[%clk 0:15:07]} 26. Rh2 {[%clk 0:16:52]} Nf2+ {[%clk 0:15:20]}
27. Kg1 {[%clk 0:17:17]} Nxd1 {[%clk 0:13:24]} 28. Rxh3 {[%clk 0:14:30]} Nxb2
{[%clk 0:13:52]} 29. Rb1 {[%clk 0:14:40]} g6 {[%clk 0:13:36]} 30. Rxb2 {[%clk
0:10:40]} gxf5 {[%clk 0:14:00]} 31. Rh5 {[%clk 0:10:15]} f6 {[%clk 0:13:49]}
32. exf5 {[%clk 0:09:13]} Kg7 {[%clk 0:12:43]} 33. Re2 {[%clk 0:07:53]} Rae8
{[%clk 0:13:06]} 34. Re6 {[%clk 0:08:06]} Rxe6 {[%clk 0:08:35]} 35. dxe6 {[%clk
0:08:21]} Rd8 {[%clk 0:07:43]} 36. Rh2 {[%clk 0:08:19]} d5 {[%clk 0:07:49]} 37.
Rd2 {[%clk 0:08:25]} c6 {[%clk 0:07:41]} 38. Kf2 {[%clk 0:08:44]} Kf8 {[%clk
0:04:33]} 39. Kf3 {[%clk 0:09:01]} Ke7 {[%clk 0:04:41]} 40. Rh2 {[%clk
0:08:32]} dxc4 {[%clk 0:04:36]} 41. Rh7+ {[%clk 0:08:50]} Kd6 {[%clk 0:04:39]}
42. bxc4 {[%clk 0:08:26]} Kc5 {[%clk 0:28:29]} 43. Rd7 {[%clk 0:37:12]} Rh8
{[%clk 0:28:50]} 44. Rxb7 {[%clk 0:35:39]} Rh3+ {[%clk 0:28:59]} 45. Kf2 {[%clk
0:34:39]} Rxa3 {[%clk 0:29:11]} 0-1

[Event "DEM U18w 2022"]
[Site "Willingen GER"]
[Date "2022.06.11"]
[Round "9"]
[White "Dietz, Kristin"]
[Black "Yue, Qizhou"]
[Result "1-0"]
[Termination "normal"]
[Board "5"]
[WhiteElo "1739"]
[BlackElo "1715"]
[WhiteClock "00:13:11"]
[BlackClock "00:04:59"]
[PlyCount "69"]
[WhiteFideId "12993743"]
[BlackFideId "16273800"]
[EventCountry "GER"]
[EventRounds "9"]
[EventType "swiss"]
[EventDate "2022.06.04"]

1. e4 {[%clk 1:30:59]} c5 {[%clk 1:30:55]} 2. Nf3 {[%clk 1:31:25]} e6 {[%clk
1:31:19]} 3. d4 {[%clk 1:31:52]} cxd4 {[%clk 1:31:43]} 4. Nxd4 {[%clk 1:32:18]}
a6 {[%clk 1:32:03]} 5. Bd3 {[%clk 1:32:19]} Qc7 {[%clk 1:32:24]} 6. f4 {[%clk
1:29:07]} d6 {[%clk 1:27:45]} 7. Qf3 {[%clk 1:24:21]} Nc6 {[%clk 1:27:23]} 8.
Be3 {[%clk 1:19:46]} Nf6 {[%clk 1:25:33]} 9. Nc3 {[%clk 1:13:28]} Be7 {[%clk
1:22:12]} 10. Nb3 {[%clk 1:09:58]} b5 {[%clk 1:13:45]} 11. g4 {[%clk 1:06:10]}
Bb7 {[%clk 1:12:58]} 12. g5 {[%clk 1:06:09]} Nd7 {[%clk 1:13:02]} 13. Qh3
{[%clk 0:58:24]} b4 {[%clk 0:45:37]} 14. Ne2 {[%clk 0:56:30]} Nd8 {[%clk
0:36:04]} 15. Nbd4 {[%clk 0:54:00]} d5 {[%clk 0:34:03]} 16. e5 {[%clk 0:52:47]}
g6 {[%clk 0:31:09]} 17. Qf3 {[%clk 0:45:09]} Nc5 {[%clk 0:26:58]} 18. h4 {[%clk
0:44:26]} h5 {[%clk 0:24:46]} 19. gxh6 {[%clk 0:42:24]} Rxh6 {[%clk 0:24:50]}
20. h5 {[%clk 0:40:56]} Rxh5 {[%clk 0:22:23]} 21. Rxh5 {[%clk 0:34:32]} gxh5
{[%clk 0:22:43]} 22. Qxh5 {[%clk 0:34:50]} Kd7 {[%clk 0:19:12]} 23. f5 {[%clk
0:33:09]} Nxd3+ {[%clk 0:15:50]} 24. cxd3 {[%clk 0:33:27]} exf5 {[%clk
0:15:39]} 25. Qxf5+ {[%clk 0:27:09]} Ke8 26. Kd2 {[%clk 0:25:24]} Bc8 {[%clk
0:12:24]} 27. Qh5 {[%clk 0:20:06]} Ne6 28. Rg1 {[%clk 0:20:05]} Bc5 {[%clk
0:08:18]} 29. Rg8+ {[%clk 0:18:59]} Nf8 {[%clk 0:06:15]} 30. Bh6 {[%clk
0:17:12]} Qb6 31. Bxf8 {[%clk 0:14:43]} Bxf8 {[%clk 0:06:36]} 32. e6 {[%clk
0:13:00]} Qb7 {[%clk 0:04:59]} 33. Qh8 {[%clk 0:13:00]} Qe7 {[%clk 0:04:59]}
34. Nf5 {[%clk 0:13:11]} Qc5 35. e7 1-0

[Event "DEM U18w 2022"]
[Site "Willingen GER"]
[Date "2022.06.11"]
[Round "9"]
[White "Schneider, Katharina"]
[Black "Wilmink, Anna"]
[Result "1/2-1/2"]
[Termination "normal"]
[Board "6"]
[WhiteElo "1810"]
[BlackElo "1716"]
[WhiteClock "00:01:21"]
[BlackClock "00:01:42"]
[PlyCount "148"]
[WhiteFideId "16200519"]
[BlackFideId "16273680"]
[EventCountry "GER"]
[EventRounds "9"]
[EventType "swiss"]
[EventDate "2022.06.04"]

1. e4 {[%clk 1:30:59]} c5 {[%clk 1:30:59]} 2. Nf3 {[%clk 1:31:22]} Nc6 {[%clk
1:31:12]} 3. d4 {[%clk 1:31:49]} cxd4 {[%clk 1:31:35]} 4. Nxd4 {[%clk 1:32:15]}
e5 {[%clk 1:31:58]} 5. Nb5 {[%clk 1:31:16]} d6 {[%clk 1:32:18]} 6. c4 {[%clk
1:28:35]} a6 {[%clk 1:31:35]} 7. N5a3 {[%clk 1:28:52]} Nge7 {[%clk 1:29:52]} 8.
Nc3 {[%clk 1:23:58]} Nd4 {[%clk 1:27:34]} 9. Nc2 {[%clk 1:18:58]} Ndc6 {[%clk
1:21:47]} 10. Be3 {[%clk 1:14:44]} Rb8 {[%clk 1:18:34]} 11. Qd2 {[%clk
1:13:00]} Be6 {[%clk 1:16:13]} 12. Be2 {[%clk 1:10:41]} Ng6 {[%clk 1:11:55]}
13. O-O {[%clk 1:08:19]} Rc8 {[%clk 1:10:01]} 14. b3 {[%clk 0:57:02]} Be7
{[%clk 1:08:19]} 15. Rfd1 {[%clk 0:55:07]} O-O {[%clk 1:07:48]} 16. f3 {[%clk
0:52:02]} Qc7 {[%clk 0:59:04]} 17. Rac1 {[%clk 0:51:03]} Qb8 {[%clk 0:57:38]}
18. Kh1 {[%clk 0:51:06]} h6 {[%clk 0:55:11]} 19. Bf1 {[%clk 0:46:35]} Rfe8
{[%clk 0:49:52]} 20. Na4 {[%clk 0:33:23]} b5 {[%clk 0:46:36]} 21. Nb6 {[%clk
0:33:17]} Rc7 {[%clk 0:46:21]} 22. cxb5 {[%clk 0:30:53]} axb5 {[%clk 0:45:13]}
23. Bxb5 {[%clk 0:30:12]} Rd8 {[%clk 0:41:48]} 24. Ba4 {[%clk 0:24:23]} Nf4
{[%clk 0:37:52]} 25. Nd5 {[%clk 0:10:52]} Bxd5 {[%clk 0:36:05]} 26. exd5 {[%clk
0:11:15]} Na7 {[%clk 0:34:15]} 27. Nb4 {[%clk 0:08:21]} Qb7 {[%clk 0:30:49]}
28. Rxc7 {[%clk 0:08:08]} Qxc7 {[%clk 0:31:04]} 29. Bxa7 {[%clk 0:08:28]} Qxa7
{[%clk 0:30:51]} 30. Nc6 {[%clk 0:08:52]} Qd7 {[%clk 0:29:15]} 31. Nxd8 {[%clk
0:08:54]} Qxd8 {[%clk 0:29:37]} 32. Qc2 {[%clk 0:07:58]} Qb6 {[%clk 0:27:11]}
33. Rc1 {[%clk 0:04:27]} Qe3 {[%clk 0:23:50]} 34. Qc8+ {[%clk 0:03:54]} Bf8
{[%clk 0:24:03]} 35. Qc3 {[%clk 0:03:40]} Nd3 {[%clk 0:18:08]} 36. Rc2 {[%clk
0:02:32]} Nf2+ {[%clk 0:17:55]} 37. Rxf2 {[%clk 0:02:57]} Qxf2 {[%clk 0:18:05]}
38. Qa1 {[%clk 0:03:16]} f5 {[%clk 0:16:17]} 39. Bb5 {[%clk 0:02:22]} e4 {[%clk
0:15:42]} 40. fxe4 {[%clk 0:02:31]} fxe4 {[%clk 0:15:39]} 41. a4 {[%clk
0:02:41]} e3 {[%clk 0:14:17]} 42. Qf1 {[%clk 0:02:47]} Qd2 {[%clk 0:12:00]} 43.
Bc4 {[%clk 0:02:27]} Be7 {[%clk 0:09:30]} 44. g3 {[%clk 0:02:25]} Bf6 {[%clk
0:08:28]} 45. Qe2 {[%clk 0:01:54]} Qc3 {[%clk 0:07:28]} 46. Kg2 {[%clk
0:30:10]} Bd4 {[%clk 0:35:26]} 47. Qd1 {[%clk 0:28:26]} Bc5 {[%clk 0:32:32]}
48. Be2 {[%clk 0:24:17]} Qb4 {[%clk 0:30:08]} 49. Qd3 {[%clk 0:20:53]} Qe1
{[%clk 0:28:02]} 50. Kh3 {[%clk 0:19:39]} Qb4 {[%clk 0:26:03]} 51. Qb5 {[%clk
0:19:24]} Qe4 {[%clk 0:18:20]} 52. Bd3 {[%clk 0:18:34]} Qe5 {[%clk 0:15:40]}
53. Qb8+ {[%clk 0:18:11]} Kf7 {[%clk 0:15:57]} 54. Qc7+ {[%clk 0:18:17]} Kf6
{[%clk 0:12:22]} 55. Qd8+ {[%clk 0:18:37]} Kf7 {[%clk 0:12:24]} 56. Qd7+ {[%clk
0:17:25]} Kf6 {[%clk 0:12:26]} 57. Qg4 {[%clk 0:11:05]} Ke7 {[%clk 0:07:39]}
58. Qf3 {[%clk 0:09:57]} Bb4 {[%clk 0:04:42]} 59. Qf4 {[%clk 0:05:12]} Qh5+
{[%clk 0:01:14]} 60. Qh4+ {[%clk 0:04:39]} Qxh4+ {[%clk 0:01:35]} 61. Kxh4
{[%clk 0:04:35]} Kf6 {[%clk 0:01:42]} 62. Kg4 {[%clk 0:04:32]} Ke5 {[%clk
0:01:25]} 63. Kf3 {[%clk 0:03:48]} Kd4 {[%clk 0:01:23]} 64. Bc4 {[%clk
0:04:02]} g6 {[%clk 0:01:22]} 65. h3 {[%clk 0:03:38]} g5 {[%clk 0:01:16]} 66.
h4 {[%clk 0:02:41]} gxh4 {[%clk 0:01:17]} 67. gxh4 {[%clk 0:03:03]} Ba5 {[%clk
0:01:15]} 68. h5 {[%clk 0:03:16]} Bd2 {[%clk 0:01:04]} 69. Ke2 {[%clk 0:03:19]}
Ba5 {[%clk 0:01:03]} 70. Bb5 {[%clk 0:03:01]} Bb4 {[%clk 0:01:07]} 71. Bc4
{[%clk 0:02:07]} Ba5 {[%clk 0:01:28]} 72. Kd1 {[%clk 0:01:18]} Kc3 {[%clk
0:01:18]} 73. Kc1 {[%clk 0:01:14]} Bb4 {[%clk 0:01:37]} 74. Kd1 {[%clk
0:01:21]} Ba5 {[%clk 0:01:42]} 1/2-1/2